000 00887nam a2200253 a 4500
001 BRCA_4252
005 20190320204613.0
008 140610s1938----nyua######---#000-0#eng-#
041 _aeng
044 _anyu
050 4 _aN620
_b.H36 1
_c1938
245 1 0 _aThe Hispanic Society of America Handbook Museum and Library Collections.
260 _aNueva York
_bThe Hispanic Society of America : Order of the Trustees
_c1938
300 _a442 p.
_bil., mapas
_c23 cm.
440 0 _aHispanic Notes & Monographs Essays, Studies, and Brief Biographies
_97619
500 _aIncluye índice analítico
500 _aEjemplar igual a M52
500 _aAM64
610 2 4 _aThe Hispanic Society of America
_910966
650 1 4 _aMuseos de arte
_vManual
_zEstados Unidos
_910967
650 1 4 _aBibliotecas
_vManual
_xColecciones especiales
_zEstados Unidos
_910968
902 _aGFM
942 _2lcc
_cB
999 _c3963
_d3963